EA FC26 All Gold France Players - Statistics

General Stats
  • This quiz has been taken 93 times
  • The average score is 46 of 145
Answer Stats
Rate Club Answer % Correct
91 Real Madrid Kylian Mbappe
98%
90 PSG Ousmane Dembele
97%
87 Barcelona Jules Kounde
95%
87 Arsenal William Saliba
93%
85 PSG Desire Doue
91%
86 Liverpool Ibrahima Konate
91%
87 Milan Mike Maignan
91%
84 Real Madrid Aurelien Tchouameni
90%
85 Al Ittihad N'Golo Kante
90%
83 Real Madrid Eduardo Camavinga
88%
85 Atletico Madrid Antoine Griezmann
86%
85 Bayern Dayot Upamecano
86%
86 Bayern Michael Olise
86%
85 Al Ittihad Karim Benzema
84%
81 Juventus Khephren Thuram
84%
85 Inter Marcus Thuram
84%
81 PSG Lucas Hernandez
83%
84 PSG Bradley Barcola
81%
84 Al Hilal Theo Hernandez
79%
83 Liverpool Hugo Ekitike
78%
81 Real Madrid Ferland Mendy
71%
76 Sevilla Batista Mendy
69%
83 Al Nassr Kingsley Coman
67%
84 Marseille Benjamin Pavard
66%
83 PSG Lucas Chevalier
64%
81 Man City Rayan Cherki
64%
82 Crystal Palace Jean-Philippe Mateta
60%
79 Chelsea Malo Gusto
59%
83 Marseille Adrien Rabiot
57%
81 Spurs Randal Kolo Muani
57%
79 Chelsea Wesley Fofana
57%
83 Aston Villa Boubacar Kamara
55%
80 PSG Warren Zaire-Emery
55%
81 Milan Youssouf Fofana
55%
80 Aston Villa Lucas Digne
52%
84 Al Ittihad Moussa Diaby
52%
81 Milan Christopher Nkunku
50%
77 LAFC Hugo Lloris
50%
79 Lille Olivier Giroud
50%
77 Spurs Mathys Tel
47%
82 Lazio Matteo Guendouzi
45%
76 Chelsea Benoit Badiashile
43%
79 Monaco Paul Pogba
43%
81 Al Nassr Mohamed Simakan
41%
79 Neom Alexandre Lacazette
40%
77 Chelsea Axel Disasi
40%
81 Lyon Corentin Tolisso
40%
78 Man United Leny Yoro
40%
80 Juventus Pierre Kalulu
40%
77 Brighton Georginio Rutter
38%
77 Girona Thomas Lemar
36%
77 West Ham Alphonse Areola
34%
76 Lens Florian Thauvin
34%
79 AS Roma Kouadio Kone
34%
80 Atletico Madrid Clement Lenglet
33%
79 Sunderland Nordi Mukiele
33%
75 PSG Senny Mayulu
33%
80 Monaco Maghnes Akliouche
31%
79 Bournemouth Bafode Diakite
29%
80 Stade Rennais Brice Samba
28%
80 Leipzig Castello Lukeba
28%
76 Sunderland Enzo Le Fee
28%
78 West Ham Jean-Clair Todibo
28%
78 PSV Alassane Plea
26%
75 Panathinaikos Alban Lafont
26%
79 Leverkusen Martin Terrier
26%
77 AEK Athens Anthony Martial
24%
78 Nottingham Arnaud Kalimuendo
24%
76 Strasbourg Malang Sarr
24%
77 Bayern Sacha Boey
24%
75 Spurs Wilson Odobert
24%
80 Sassuolo Armand Lauriente
22%
80 Nice Jonathan Clauss
22%
79 Crystal Palace Maxence Lacroix
22%
79 Stade Rennais Valentin Rongier
22%
77 Bournemouth Adrien Truffert
21%
78 Al Shabab Yacine Adli
21%
76 Inter Yoan Bonny
19%
75 Inter Andy Diouf
17%
75 Frankfurt Elye Wahi
17%
78 Al Ahli Enzo Millot
17%
80 Gladbach Franck Honorat
17%
76 Fulham Issa Diop
17%
79 Brighton Olivier Boscagli
17%
77 Everton Thierno Barry
17%
78 Toulouse Guillaume Restes
16%
80 Lille Benjamin Andre
14%
77 Mainz Ludovic Ajorque
14%
77 Como Maxence Caqueret
14%
78 Paris FC Pierre Lees-Melou
14%
75 Leipzig El Chadille Bitshiabu
12%
75 Lens Florian Sotoca
12%
76 Paris FC Jonathan Ikone
12%
77 Stade Rennais Ludovic Blas
12%
75 Marseille Neil Maupay
12%
76 Al Taawoun Romain Faivre
12%
75 Leicester City Boubakary Soumare
10%
76 Stade Brest Kenny Lala
10%
78 Leverkusen Loic Bade
10%
78 Stade Rennais Mahdi Camara
10%
76 Burnley Maxime Esteve
10%
76 Paris FC Maxime Lopez
10%
76 Nice Morgan Sanson
10%
77 Lens Adrien Thomasson
9%
76 Stade Rennais Anthony Rouault
9%
78 Nottingham Dilane Bakwa
9%
76 Como Jean Butez
9%
78 Nice Melvin Bard
9%
76 Stade Rennais Quentin Merlin
9%
76 Stade Brest Romain Del Castillo
9%
77 Lazio Samuel Gigot
9%
75 Montpellier Teji Savanier
9%
75 Monaco Christian Mawissa
7%
76 Stuttgart Dan-Axel Zagadou
7%
78 Rayo Vallecano Florian Lejeune
7%
76 Strasbourg Ismail Doukoure
7%
75 Hamburg Jean-Luc Dompe
7%
77 Lens Jonathan Gradit
7%
76 Nantes Matthis Abline
7%
76 Lens Ruben Aguilar
7%
77 Augsburg Alexis Claude-Maurice
5%
78 Mainz Anthony Caci
5%
75 Lille Ayyoub Bouaddi
5%
76 Valencia Baptiste Santamaria
5%
77 Stade Brest Brendan Chardonnet
5%
77 Augsburg Chrislain Matsima
5%
76 Auxerre Donovan Leon
5%
76 Metz Gauthier Hein
5%
75 Frankfurt Jean Bahoya
5%
76 Stade Rennais Lillian Brassier
5%
75 Sevilla Lucien Agoume
5%
78 Udinese Oumar Solet
5%
75 Toulouse Yann Gboho
5%
75 Stade Brest Bradley Locko
3%
76 Strasbourg Felix Lemarechal
3%
76 Stade Brest Hugo Magnetti
3%
75 Stade Rennais Jeremy Jacquet
3%
75 Lorient Laurent Abergel
3%
75 Olympiacos Remy Cabella
3%
75 PAOK Soualiho Meite
3%
75 Nantes Francis Coquelin
2%
76 Stuttgart Lorenz Assignon
2%
76 Nice Mohamed Ali Cho
2%
77 Stade Rennais Valentin Rosier
2%
75 Utrecht Yoann Cathline
2%
No matching quizzes found
Score Distribution
Percent of People with Each Score
Percentile by Number Answered
Your Score History
You have not taken this quiz